[Event "Stay Safe Play From Home"]
[Site "T#646156Emanuel Laske"]
[Date "2020.05.18"]
[Round "3"]
[White "Lucknow"]
[Black "Haris kollari 13"]
[Result "1-0"]
[WhiteElo "1828"]
[BlackElo "1694"]
[Annotator "NA RC"]
[PlyCount "81"]
[EventDate "2020.05.18"]
[EventType "swiss (blitz)"]

1. d4 {[%emt 0:00:01]} e6 {[%emt 0:00:00]} 2. c4 {[%emt 0:00:01]} d5 {[%emt 0:00:00]} 3. Nf3 {[%emt 0:00:00]} c6 {[%emt 0:00:01]} 4. e3 {[%emt 0:00:00]} f5 {[%emt 0:00:01]} 5. Bd3 {[%emt 0:00:00]} Nf6 {[%emt 0:00:01]} 6. Nc3 {[%emt 0:00:01]} Nbd7 {[%emt 0:00:01]} 7. Qe2 {[%emt 0:00:01]} Bd6 {[%emt 0:00:01]} 8. O-O {[%emt 0:00:01]} O-O {[%emt 0:00:01]} 9. b3 {[%emt 0:00:01]} Ne4 {[%emt 0:00:01]} 10. Qc2 {[%emt 0:00:02]} h6 {[%emt 0:00:03]} 11. Ne1 {[%emt 0:00:01]} Ndf6 {[%emt 0:00:01]} 12. f4 {[%emt 0:00:01]} g5 {[%emt 0:00:02]} 13. Nf3 {[%emt 0:00:02]} g4 {[%emt 0:00:01]} 14. Ne5 {[%emt 0:00:01]} Kg7 {[%emt 0:00:03]} 15. c5 {[%emt 0:00:02]} Bxe5 {[%emt 0:00:03]} 16. dxe5 {[%emt 0:00:02]} Nh7 {[%emt 0:00:00]} 17. Bxe4 {[%emt 0:00:02]} dxe4 {[%emt 0:00:02]} 18. Ne2 {[%emt 0:00:01]} Qe7 {[%emt 0:00:01]} 19. b4 {[%emt 0:00:02]} h5 {[%emt 0:00:01]} 20. Bb2 {[%emt 0:00:02]} Bd7 {[%emt 0:00:02]} 21. Nd4 {[%emt 0:00:01]} Be8 {[%emt 0:00:01]} 22. Rfd1 {[%emt 0:00:00]} Bg6 {[%emt 0:00:02]} 23. Qc4 {[%emt 0:00:02]} Rfe8 {[%emt 0:00:02]} 24. Nb3 {[%emt 0:00:02]} Rad8 {[%emt 0:00:02]} 25. Rd6 {[%emt 0:00:01]} Bf7 {[%emt 0:00:03]} 26. Rad1 {[%emt 0:00:01]} h4 {[%emt 0:00:01]} 27. Qc3 {[%emt 0:00:02]} Nf8 {[%emt 0:00:02]} 28. Qd2 {[%emt 0:00:01]} Rxd6 {[%emt 0:00:04]} 29. exd6+ {[%emt 0:00:01]} Qf6 {[%emt 0:00:04]} 30. Bxf6+ {[%emt 0:00:02]} Kxf6 {[%emt 0:00:01]} 31. Qd4+ {[%emt 0:00:02]} Kg6 {[%emt 0:00:01]} 32. d7 {[%emt 0:00:02]} Rd8 {[%emt 0:00:01]} 33. Qd6 {[%emt 0:00:02]} Nh7 {[%emt 0:00:03]} 34. Qe7 {[%emt 0:00:01]} Nf6 {[%emt 0:00:01]} 35. Qxd8 {[%emt 0:00:02]} Nxd7 {[%emt 0:00:01]} 36. Qxd7 {[%emt 0:00:01]} e5 {[%emt 0:00:00]} 37. fxe5 {[%emt 0:00:02]} Bxb3 {[%emt 0:00:01]} 38. Qd6+ {[%emt 0:00:00]} Kg5 {[%emt 0:00:02]} 39. axb3 {[%emt 0:00:01]} f4 {[%emt 0:00:01]} 40. Qf6+ {[%emt 0:00:01]} Kh5 {[%emt 0:00:01]} 41. Rd7 {[%emt 0:00:01] Time (Lag: Av=0.48s, max=0.9s)} 1-0

[Event "Stay Safe Play From Home"]
[Site "T#646156Emanuel Laske"]
[Date "2020.05.18"]
[Round "3"]
[White "Trotsky"]
[Black "Don59as"]
[Result "0-1"]
[WhiteElo "1585"]
[BlackElo "2038"]
[Annotator "NA RC"]
[PlyCount "49"]
[EventDate "2020.05.18"]
[EventType "swiss (blitz)"]

1. d4 {[%emt 0:00:01]} d5 {[%emt 0:00:01]} 2. e3 {[%emt 0:00:01]} e6 {[%emt 0:00:01]} 3. c4 {[%emt 0:00:01]} Nf6 {[%emt 0:00:01]} 4. Nc3 {[%emt 0:00:01]} Be7 {[%emt 0:00:01]} 5. Nf3 {[%emt 0:00:01]} O-O {[%emt 0:00:01]} 6. c5 {[%emt 0:00:01]} b6 {[%emt 0:00:01]} 7. Bd3 {[%emt 0:00:01]} bxc5 {[%emt 0:00:02]} 8. Qc2 {[%emt 0:00:01]} cxd4 {[%emt 0:00:03]} 9. exd4 {[%emt 0:00:01]} c5 {[%emt 0:00:02]} 10. Ng5 {[%emt 0:00:01]} h6 {[%emt 0:00:02]} 11. h4 {[%emt 0:00:01]} cxd4 {[%emt 0:00:05]} 12. Ne2 {[%emt 0:00:04]} e5 {[%emt 0:00:03]} 13. f3 {[%emt 0:00:02]} Bb7 {[%emt 0:00:04]} 14. Bd2 {[%emt 0:00:02]} e4 {[%emt 0:00:01]} 15. fxe4 {[%emt 0:00:03]} dxe4 {[%emt 0:00:01]} 16. Bc4 {[%emt 0:00:02]} Bd5 {[%emt 0:00:04]} 17. Bxd5 {[%emt 0:00:11]} Qxd5 {[%emt 0:00:02]} 18. O-O-O {[%emt 0:00:01]} d3 {[%emt 0:00:01]} 19. Nf4 {[%emt 0:00:09]} dxc2 {[%emt 0:00:03]} 20. Nxd5 {[%emt 0:00:05]} cxd1=Q+ {[%emt 0:00:02]} 21. Rxd1 {[%emt 0:00:03]} Nxd5 {[%emt 0:00:01]} 22. Kb1 {[%emt 0:00:01]} hxg5 {[%emt 0:00:02]} 23. hxg5 {[%emt 0:00:01]} e3 {[%emt 0:00:02]} 24. Bc1 {[%emt 0:00:02]} e2 {[%emt 0:00:01]} 25. Bd2 {[%emt 0:00:02] Trotsky Ñäàåòñÿ (Lag: Av=0.41s, max=0.5s)} 0-1

[Event "Stay Safe Play From Home"]
[Site "T#646156Emanuel Laske"]
[Date "2020.05.18"]
[Round "3"]
[White "matanant"]
[Black "Tavares"]
[Result "0-1"]
[WhiteElo "1547"]
[BlackElo "1652"]
[Annotator "NA RC"]
[PlyCount "68"]
[EventDate "2020.05.18"]
[EventType "swiss (blitz)"]

1. b3 {[%emt 0:00:01]} e5 {[%emt 0:00:02]} 2. Bb2 {[%emt 0:00:00]} e4 {[%emt 0:00:00]} 3. e3 {[%emt 0:00:00]} Nc6 {[%emt 0:00:00]} 4. d3 {[%emt 0:00:01]} Nf6 {[%emt 0:00:01]} 5. dxe4 {[%emt 0:00:02]} Nxe4 {[%emt 0:00:01]} 6. Bd3 {[%emt 0:00:00]} Nf6 {[%emt 0:00:01]} 7. Nf3 {[%emt 0:00:01]} d5 {[%emt 0:00:00]} 8. O-O {[%emt 0:00:00]} Bd6 {[%emt 0:00:01]} 9. c4 {[%emt 0:00:01]} dxc4 {[%emt 0:00:04]} 10. Bxc4 {[%emt 0:00:01]} O-O {[%emt 0:00:00]} 11. Nc3 {[%emt 0:00:02]} Bg4 {[%emt 0:00:01]} 12. Be2 {[%emt 0:00:02]} Qe7 {[%emt 0:00:01]} 13. h3 {[%emt 0:00:02]} Bh5 {[%emt 0:00:01]} 14. Nd5 {[%emt 0:00:08]} Nxd5 {[%emt 0:00:02]} 15. Qxd5 {[%emt 0:00:02]} Bg6 {[%emt 0:00:02]} 16. a3 {[%emt 0:00:08]} Rad8 {[%emt 0:00:01]} 17. Qc4 {[%emt 0:00:04]} Rfe8 {[%emt 0:00:02]} 18. b4 {[%emt 0:00:02]} a6 {[%emt 0:00:02]} 19. Nd4 {[%emt 0:00:03]} Ne5 {[%emt 0:00:04]} 20. Qc3 {[%emt 0:00:06]} b5 {[%emt 0:00:03]} 21. Nc6 {[%emt 0:00:03]} Nxc6 {[%emt 0:00:01]} 22. Qxc6 {[%emt 0:00:02]} h6 {[%emt 0:00:00]} 23. Bf3 {[%emt 0:00:02]} Be5 {[%emt 0:00:02]} 24. Bxe5 {[%emt 0:00:02]} Qxe5 {[%emt 0:00:00]} 25. Rac1 {[%emt 0:00:01]} Rd3 {[%emt 0:00:04]} 26. Qxc7 {[%emt 0:00:03]} Rxa3 {[%emt 0:00:03]} 27. Qxe5 {[%emt 0:00:02]} Rxe5 {[%emt 0:00:00]} 28. Rc8+ {[%emt 0:00:01]} Kh7 {[%emt 0:00:01]} 29. Rd1 {[%emt 0:00:00]} Re7 {[%emt 0:00:03]} 30. Rdd8 {[%emt 0:00:00]} Bf5 {[%emt 0:00:02]} 31. Rh8+ {[%emt 0:00:01]} Kg6 {[%emt 0:00:01]} 32. g4 {[%emt 0:00:00]} Bxc8 {[%emt 0:00:01]} 33. h4 {[%emt 0:00:00]} Bxg4 {[%emt 0:00:01]} 34. h5+ {[%emt 0:00:00] .} Kxh5 {[%emt 0:00:01]} 0-1

[Event "Stay Safe Play From Home"]
[Site "T#646156Emanuel Laske"]
[Date "2020.05.18"]
[Round "3"]
[White "UHU4"]
[Black "Little champs"]
[Result "0-1"]
[WhiteElo "1498"]
[BlackElo "2184"]
[Annotator "TA"]
[PlyCount "40"]
[EventDate "2020.05.18"]
[EventType "swiss (blitz)"]

{[%evp 11,40,21,41,33,35,6,29,-35,-51,-102,-98,-206,-137,-154,-129,-223,-220,-226,-229,-238,-234,-234,-225,-209,-125,-129,-130,-153,-158,-149,-145]} 1. e4 c6 2. d4 d5 3. exd5 cxd5 4. Bd3 Nf6 5. Nf3 Nc6 6. c3 g6 7. O-O {B13: Caro-Kann: Exchange Variation and Panov-Botvinnik Attack.} Bg7 8. Bg5 O-O 9. Qd2 (9. Re1 $11) 9... Ne4 $15 10. Qc1 {[#]} (10. Bxe4 $15 dxe4 11. Ne1) 10... Nxg5 $146 ({Predecessor:} 10... Bf5 11. Bh6 Rc8 12. Bxg7 Kxg7 13. Nbd2 Nb4 14. Bxe4 dxe4 15. Nh4 e6 16. Nxf5+ exf5 {0-1 (29) Brecelj,J (1583)-Skrbec,L (1682) Nova Gorica 2018}) 11. Nxg5 (11. Qxg5 $17 f6 12. Qe3) 11... e5 12. dxe5 Nxe5 {[%cal Bc6e5,Be5g4,Bg4f2][%mdl 32]} 13. Bc2 (13. Be2 $17) 13... Bh6 14. f4 Ng4 15. h3 Qb6+ 16. Kh1 Nf2+ 17. Kh2 Re8 (17... Bxg5 $19 18. fxg5 Qd6+ 19. g3 Nxh3) 18. Qd2 Ne4 19. Bxe4 dxe4 20. Na3 e3 {Accuracy: White = 52%, Black = 69%.} 0-1

[Event "Stay Safe Play From Home"]
[Site "T#646156Emanuel Laske"]
[Date "2020.05.18"]
[Round "4"]
[White "Lamborghini"]
[Black "Little champs"]
[Result "0-1"]
[WhiteElo "2318"]
[BlackElo "2185"]
[Annotator "TA"]
[PlyCount "50"]
[EventDate "2020.05.18"]
[EventType "swiss (blitz)"]

{[%evp 10,50,19,15,37,-50,89,8,136,151,133,135,114,0,22,-10,-11,-616,-601,-823,-821,-904,-835,-1208,-1088,-3216,-1486,-29996,-2080,-2292,-2209,-2132,-1065,-29996,-1880,-1704,-737,-727,-725,-1157,-1142,-29999,-1184]} 1. e4 c6 2. d4 d5 3. Nc3 dxe4 4. Nxe4 Nd7 5. Ng5 Ngf6 6. Bd3 e5 {B17: Caro-Kann: Modern Line (4...Nd7).} 7. Qe2 {[#]} (7. N1f3 $14 exd4 8. O-O (8. Nxd4 Ne5 $15)) 7... Bd6 $146 {[#]} (7... Be7 $15 {keeps the upper hand.}) ({Predecessor:} 7... Be7 8. dxe5 Qa5+ 9. Bd2 Qxe5 10. N1f3 Qxe2+ 11. Bxe2 h6 12. Nh3 Ne4 13. Be3 Nb6 14. Nd2 Nxd2 15. Bxd2 {½-½ (31) Huerga Leache,M (2453)-Miton,K (2635) Padron 2011}) 8. dxe5 (8. f4 $1 $16) 8... Nxe5 {[#]} (8... Qa5+ $1 $11 9. c3 Qxe5) 9. f4 $1 $16 {[%mdl 64] Black must now prevent N1f3. Pin} O-O 10. fxe5 Bxe5 11. Kf1 ({Better is} 11. Bc4 $16 Bc7 12. N1f3) 11... Re8 $1 $11 12. N1f3 Bxb2 13. Qd1 $2 {[%mdl 8192] Now White is beyond hope.} (13. Qxe8+ $11 Qxe8 14. Bxb2) 13... Bxa1 $19 14. Ba3 Bc3 15. h3 h6 16. h4 {[#]} Bf5 $1 17. Kf2 (17. Bxf5 Qxd1+) 17... Bd4+ 18. Kg3 Bxd3 (18... Qc7+ $142 19. Bd6 Qxd6+ 20. Ne5 Qxe5+ 21. Kf3 Bg4# {[%mdl 64] Skewer}) 19. Qxd3 Qc7+ 20. Kh3 Be5 21. Rf1 Rad8 (21... Qc8+ $142 22. Ne6 Qxe6+ {[%mdl 64] Double Attack} 23. Qf5 Qxf5+ 24. g4 Qxg4#) 22. Qf5 Qd7 23. Qxd7 Rxd7 24. Ne4 Nxe4 25. Re1 f5 {Accuracy: White = 14%, Black = 38%.} (25... Nf2# $142) 0-1

[Event "Stay Safe Play From Home"]
[Site "T#646156Emanuel Laske"]
[Date "2020.05.18"]
[Round "4"]
[White "Mepe_Nika"]
[Black "UHU4"]
[Result "1-0"]
[WhiteElo "2311"]
[BlackElo "1498"]
[Annotator "TA"]
[PlyCount "51"]
[EventDate "2020.05.18"]
[EventType "swiss (blitz)"]

{[%evp 9,51,14,128,153,149,-120,163,156,177,140,156,72,92,91,810,121,283,291,352,350,400,241,358,293,484,533,528,354,348,-133,-103,-120,-110,-131,-110,-142,0,0,0,7,151,162,499,307]} 1. e4 d5 2. exd5 Qxd5 3. Nf3 Bg4 4. Be2 Nc6 5. h3 Qh5 (5... Bxf3 $11 {remains equal.} 6. Bxf3 Qe5+ 7. Kf1 (7. Qe2 Qxe2+ 8. Bxe2 Nf6 $11) 7... e6) 6. O-O $16 {B01: Scandinavian Defence.} Bxh3 {[#]} 7. Nh2 $146 {[%mdl 8192] [#]} (7. Ne1 $16 Qf5 8. gxh3) ({Predecessor:} 7. gxh3 Qxh3 8. Nh2 Nf6 9. Bf3 e6 10. Bxc6+ bxc6 11. Qf3 Qxf3 12. Nxf3 Bd6 13. d3 {0-1 (55) Godena,M (2528)-Vysochin,S (2521) ICC INT 2008}) 7... Qf5 $2 {[%mdl 8192]} (7... Qg6 $1 $17 {[%csl Gh3][%cal Rg6g2] stays on course.} 8. Bf3 e5) 8. gxh3 $18 {White is clearly better.} Qxh3 9. Bg4 Qh4 10. Qf3 (10. Bf3 $142) 10... Nf6 11. Qg3 Qg5 $2 {[%mdl 8192] [#]} (11... Qxg3+ $16 12. fxg3 Nxg4) 12. d4 $2 (12. Bd7+ $1 $18 {[%mdl 512] and the rest is easy.} Nxd7 (12... Kxd7 13. Qxg5) 13. Qxg5) 12... Qb5 $2 (12... Qg6 $16) 13. Nc3 (13. Qxc7 Nxg4 14. Nxg4 Nxd4 $16) 13... Qc4 14. d5 (14. Qxc7 Nxg4 15. Nxg4 Qxd4 $18) 14... Nd4 15. b3 Qa6 (15... Qc5 {keeps fighting.}) 16. Bg5 ({Less strong is} 16. Qxc7 Nxg4 17. Nxg4 Qg6 $18) 16... h6 $2 (16... h5) 17. Bxf6 Qxf6 18. Ne4 Qg6 19. Bf3 $2 (19. Rfe1 $18) 19... Nxf3+ $17 20. Nxf3 {Black must now prevent Qxg6.} Qxe4 {[%mdl 64] Double Attack} 21. Rad1 O-O-O ({But not} 21... Qxc2 $6 22. Rc1 $11) 22. Rfe1 {[#]} Qg6 ({Avoid the trap} 22... Qxc2 $2 23. Rc1 $18) (22... Qf5 $1 $17 {Threatens to win with ...Rd6.} 23. Nd4 Qg5 24. Qxg5 hxg5) 23. Qxg6 $11 fxg6 24. Ne5 {Black should prevent Nf7.} g5 (24... Rg8 $1 $11 {keeps the balance.}) 25. Nf7 $1 $16 {[%csl LRd8,LRh8][%mdl 1088] Double Attack. White has strong compensation.} e6 $2 (25... Rh7 {is tougher.}) 26. dxe6 {Accuracy: White = 36%, Black = 21%.} 1-0

[Event "Stay Safe Play From Home"]
[Site "T#646156Emanuel Laske"]
[Date "2020.05.18"]
[Round "4"]
[White "Toosieslide"]
[Black "Trotsky"]
[Result "1-0"]
[WhiteElo "2181"]
[BlackElo "1583"]
[Annotator "TA"]
[PlyCount "65"]
[EventDate "2020.05.18"]
[EventType "swiss (blitz)"]

{[%evp 9,64,38,34,30,74,52,54,22,86,5,83,22,41,34,29,26,90,49,243,240,872,887,926,892,962,947,1281,1285,1203,1222,1481,1480,1601,1596,1798,1824,1961,1858,2008,1956,29987,29988,29992,29992,29992,29993,29993,29993,29995,29993,29994,29994,29994,29994,29995,29996,29999]} 1. d4 d5 2. c4 e6 3. Nc3 c5 4. cxd5 exd5 5. Nf3 Be6 6. Bg5 {D32: Tarrasch Defence: Sidelines and lines without g3.} f6 7. Bf4 c4 8. e3 {White is slightly better.} Nc6 {[#]} (8... Bb4 $11) 9. h3 $146 (9. Bxc4 $1 $16 {With the idea Bb3.} dxc4 10. d5) ({Predecessor:} 9. Bxc4 dxc4 10. d5 Bxd5 11. Nxd5 Qa5+ 12. Qd2 O-O-O 13. Qxa5 Nxa5 14. O-O-O Ne7 15. Nc7 {½-½ (46) Pelletier,Y (2478)-Fridman,D (2539) Essen 2000}) 9... a6 {[#]} (9... Bb4 $11) 10. Be2 (10. Bxc4 $1 $16 dxc4 11. d5 {[%mdl 64] Double Attack}) 10... Bd6 11. Bxd6 Qxd6 12. O-O h5 (12... Nge7 $11 {keeps the balance.}) 13. e4 Nh6 $2 {Now Black is done in.} (13... Nge7 $14) 14. exd5 Ng4 $2 (14... Bxd5 15. Qa4 Bxf3 16. Bxf3 O-O-O) 15. dxe6 $18 O-O-O 16. d5 Nce5 17. Nxe5 Qxe5 18. Bxg4 hxg4 19. Qxg4 Kb8 20. Rae1 Qd6 21. e7 Rde8 22. Re6 Qc5 23. d6 f5 24. Qxg7 f4 25. d7 {White mates.} Reg8 {[#]} 26. Qxg8+ $1 {[%mdl 64] Promotion} Rxg8 27. e8=Q+ Rxe8 28. dxe8=Q+ Ka7 29. Re5 Qd6 30. Rfe1 Qh6 {[#]} 31. Qa4 $1 f3 32. Nb5+ Kb8 33. Re8# {Accuracy: White = 53%, Black = 15%.} 1-0

[Event "Stay Safe Play From Home"]
[Site "T#646156Emanuel Laske"]
[Date "2020.05.18"]
[Round "4"]
[White "SoulofWolf"]
[Black "Lazieri3"]
[Result "1-0"]
[WhiteElo "2140"]
[BlackElo "2056"]
[Annotator "TA"]
[PlyCount "105"]
[EventDate "2020.05.18"]
[EventType "swiss (blitz)"]

{[%evp 15,105,-2,29,29,33,28,35,31,29,29,36,0,23,15,31,10,44,15,28,35,29,19,45,-31,-35,-33,48,41,30,35,38,15,70,44,41,0,-3,-227,-222,-233,-176,-224,-179,-758,-760,-755,-714,-685,-587,-1442,-1060,-1431,-1351,-1234,-516,-516,-516,-509,-508,-491,-312,-320,-284,-339,-303,-303,-277,-303,-226,-226,0,-296,-234,-218,6395,-29962,-29964,-29964,-29965,-29967,-29964,-29964,-29965,-29967,-29963,-29964,-29963,-29965,-29966,-29962,-5522,-29988]} 1. c4 c6 2. Nf3 d5 3. Nc3 Nf6 4. d4 Bf5 5. Bg5 e6 6. cxd5 exd5 7. e3 Be7 8. Bd3 Ne4 9. Bf4 {D35: Queen's Gambit Declined: Exchange Variation.} Nxc3 10. bxc3 Bxd3 11. Qxd3 {White is slightly better.} O-O 12. O-O Nd7 13. Rab1 b6 {[#]} 14. c4 $146 ({Predecessor:} 14. Rfc1 Bf6 15. a4 Re8 16. h3 c5 17. Qf5 cxd4 18. cxd4 Nf8 19. Rb5 g6 20. Qxd5 Qxd5 21. Rxd5 {1-0 (59) Malajovich,S (2120)-Villegas,A Buenos Aires 2000}) 14... Nf6 15. h3 Bd6 16. Bg5 h6 17. Bxf6 Qxf6 18. a4 Rac8 19. a5 (19. cxd5 $14 cxd5 20. Qa6) 19... dxc4 $15 20. Qxc4 c5 ({Better is} 20... b5 $15 21. Qe2 Qe7) 21. axb6 $14 axb6 22. d5 Rb8 23. Rb3 Rb7 ({Black should try} 23... Qg6 $11) 24. Rfb1 Rfb8 25. Qe4 b5 {[%cal Bb6b5,Bb5b4,Bb4b3][%mdl 32]} 26. g4 $2 (26. Nd2 $11) 26... c4 $19 27. R3b2 b4 {White must now prevent ...b3.} 28. Nd4 b3 29. Ne2 $2 (29. Nc6 c3 30. Nxb8) 29... c3 30. Nxc3 Qxc3 31. Kg2 Qe5 32. Qf3 Qh2+ 33. Kf1 Rc7 34. Ke2 Rc2+ (34... Rbc8 $142 35. Rd2 Rc2) 35. Rxc2 bxc2 36. Rxb8+ Bxb8 37. Kd2 Qe5 {( -> ...Qb2)} 38. Kxc2 Bd6 39. Kd3 g6 40. Ke2 Kg7 41. Kf1 Qa1+ 42. Kg2 Qe5 43. Kf1 $1 Qh2 44. Ke2 Qh1 $4 {[%mdl 8192]} (44... Bc5 $19 45. Kf1 Kf8) 45. g5 $4 {[%mdl 8192] [#]} (45. Qxh1 $18 Kf8 46. Qa1) 45... Qxf3+ $1 46. Kxf3 hxg5 {[%mdl 4096] Endgame KB-KP} 47. Kg4 f6 48. Kf3 Kf7 49. Kg4 Ke7 50. Kf3 Be5 51. Kg4 Kd6 52. Kf3 {[#]} g4+ $1 53. Ke4 {[%mdl 32768] What a bad dream for White. Accuracy: White = 59%, Black = 55%. . Sensor Board Error (Ke4/e5)?} (53. Kxg4 Kxd5) 1-0

[Event "Stay Safe Play From Home"]
[Site "T#646156Emanuel Laske"]
[Date "2020.05.18"]
[Round "4"]
[White "Don59as"]
[Black "Panini-Peter"]
[Result "1-0"]
[WhiteElo "2040"]
[BlackElo "2070"]
[Annotator "NA RC"]
[PlyCount "113"]
[EventDate "2020.05.18"]
[EventType "swiss (blitz)"]

1. c4 {[%emt 0:00:01]} f5 {[%emt 0:00:01]} 2. Nc3 {[%emt 0:00:01]} d6 {[%emt 0:00:00]} 3. g3 {[%emt 0:00:00]} Nf6 {[%emt 0:00:00]} 4. Bg2 {[%emt 0:00:00]} g6 {[%emt 0:00:01]} 5. e3 {[%emt 0:00:00]} Bg7 {[%emt 0:00:00]} 6. Nge2 {[%emt 0:00:00]} O-O {[%emt 0:00:01]} 7. O-O {[%emt 0:00:00]} Qe8 {[%emt 0:00:00]} 8. d4 {[%emt 0:00:01]} Nc6 {[%emt 0:00:01]} 9. b3 {[%emt 0:00:01]} a6 {[%emt 0:00:01]} 10. Bb2 {[%emt 0:00:00]} e5 {[%emt 0:00:01]} 11. Qd2 {[%emt 0:00:01]} Rb8 {[%emt 0:00:01]} 12. Nd5 {[%emt 0:00:02]} Nxd5 {[%emt 0:00:02]} 13. cxd5 {[%emt 0:00:00]} Ne7 {[%emt 0:00:01]} 14. dxe5 {[%emt 0:00:01]} Bxe5 {[%emt 0:00:02]} 15. Bxe5 {[%emt 0:00:01]} dxe5 {[%emt 0:00:00]} 16. d6 {[%emt 0:00:00]} cxd6 {[%emt 0:00:01]} 17. Qxd6 {[%emt 0:00:01]} Bd7 {[%emt 0:00:00]} 18. Qxe5 {[%emt 0:00:02]} Nc6 {[%emt 0:00:01]} 19. Qd5+ {[%emt 0:00:02]} Be6 {[%emt 0:00:02]} 20. Qd2 {[%emt 0:00:03]} Rd8 {[%emt 0:00:00]} 21. Qb2 {[%emt 0:00:01]} Qf7 {[%emt 0:00:01]} 22. Rfd1 {[%emt 0:00:01]} h6 {[%emt 0:00:05]} 23. Nf4 {[%emt 0:00:01]} g5 {[%emt 0:00:02]} 24. Nxe6 {[%emt 0:00:02]} Qxe6 {[%emt 0:00:00]} 25. Qc2 {[%emt 0:00:04]} Kg7 {[%emt 0:00:04]} 26. Qc3+ {[%emt 0:00:01]} Qf6 {[%emt 0:00:01]} 27. Qxf6+ {[%emt 0:00:02]} Kxf6 {[%emt 0:00:00]} 28. Bxc6 {[%emt 0:00:01]} bxc6 {[%emt 0:00:00]} 29. Rac1 {[%emt 0:00:01]} Rxd1+ {[%emt 0:00:03]} 30. Rxd1 {[%emt 0:00:01]} Ke6 {[%emt 0:00:00]} 31. Rd4 {[%emt 0:00:02]} c5 {[%emt 0:00:01]} 32. Ra4 {[%emt 0:00:02]} Kd5 {[%emt 0:00:04]} 33. Rxa6 {[%emt 0:00:02]} h5 {[%emt 0:00:01]} 34. Ra5 {[%emt 0:00:02]} Rb8 {[%emt 0:00:03]} 35. Kg2 {[%emt 0:00:02]} Rb4 {[%emt 0:00:06]} 36. h3 {[%emt 0:00:02]} g4 {[%emt 0:00:01]} 37. hxg4 {[%emt 0:00:02]} hxg4 {[%emt 0:00:00]} 38. f3 {[%emt 0:00:01]} Kd6 {[%emt 0:00:02]} 39. fxg4 {[%emt 0:00:01]} fxg4 {[%emt 0:00:01]} 40. Kf2 {[%emt 0:00:01]} Kd5 {[%emt 0:00:01]} 41. Ke2 {[%emt 0:00:01]} Kc6 {[%emt 0:00:00]} 42. Kd3 {[%emt 0:00:01]} Kb6 {[%emt 0:00:01]} 43. Ra8 {[%emt 0:00:01]} Kc6 {[%emt 0:00:02]} 44. Rg8 {[%emt 0:00:01]} Kd5 {[%emt 0:00:01]} 45. Rg5+ {[%emt 0:00:01]} Kc6 {[%emt 0:00:01]} 46. Rf5 {[%emt 0:00:00]} Rb7 {[%emt 0:00:01]} 47. Rf4 {[%emt 0:00:01]} Rd7+ {[%emt 0:00:01]} 48. Kc4 {[%emt 0:00:01]} Rd1 {[%emt 0:00:01]} 49. Rxg4 {[%emt 0:00:01]} Rc1+ {[%emt 0:00:00]} 50. Kd3 {[%emt 0:00:00]} Kb5 {[%emt 0:00:00]} 51. Rc4 {[%emt 0:00:01]} Ra1 {[%emt 0:00:00]} 52. Ke2 {[%emt 0:00:01]} Kb6 {[%emt 0:00:00]} 53. Kf3 {[%emt 0:00:00]} Rxa2 {[%emt 0:00:00]} 54. g4 {[%emt 0:00:00]} Ra3 {[%emt 0:00:00]} 55. g5 {[%emt 0:00:01]} Rxb3 {[%emt 0:00:00]} 56. g6 {[%emt 0:00:01]} Kb5 {[%emt 0:00:00]} 57. Rg4 {[%emt 0:00:01] Zeit (Lag: Av=0.45s, max=0.8s)} 1-0

[Event "Stay Safe Play From Home"]
[Site "T#646156Emanuel Laske"]
[Date "2020.05.18"]
[Round "4"]
[White "Greblah"]
[Black "matanant"]
[Result "0-1"]
[WhiteElo "1872"]
[BlackElo "1535"]
[Annotator "NA RC"]
[PlyCount "72"]
[EventDate "2020.05.18"]
[EventType "swiss (blitz)"]

1. e4 {[%emt 0:00:01]} e5 {[%emt 0:00:01]} 2. Nf3 {[%emt 0:00:01]} d5 {[%emt 0:00:00]} 3. exd5 {[%emt 0:00:01]} Bd6 {[%emt 0:00:01]} 4. Ng1 {[%emt 0:00:00]} e4 {[%emt 0:00:02]} 5. c4 {[%emt 0:00:00]} f5 {[%emt 0:00:02]} 6. Nc3 {[%emt 0:00:00]} Nf6 {[%emt 0:00:01]} 7. d4 {[%emt 0:00:01]} O-O {[%emt 0:00:00]} 8. Be3 {[%emt 0:00:02]} f4 {[%emt 0:00:02]} 9. Bd2 {[%emt 0:00:02]} e3 {[%emt 0:00:01]} 10. fxe3 {[%emt 0:00:01]} fxe3 {[%emt 0:00:01]} 11. Bxe3 {[%emt 0:00:01]} Qe7 {[%emt 0:00:01]} 12. Qd2 {[%emt 0:00:02]} Ng4 {[%emt 0:00:01]} 13. Nd1 {[%emt 0:00:05]} Bf4 {[%emt 0:00:01]} 14. Ke2 {[%emt 0:00:03]} Re8 {[%emt 0:00:02]} 15. Nh3 {[%emt 0:00:04]} Nxe3 {[%emt 0:00:02]} 16. Nxe3 {[%emt 0:00:01]} Bxe3 {[%emt 0:00:02]} 17. Qd3 {[%emt 0:00:02]} Bxd4+ {[%emt 0:00:01]} 18. Kd1 {[%emt 0:00:01]} Bxb2 {[%emt 0:00:01]} 19. Rb1 {[%emt 0:00:02]} Ba3 {[%emt 0:00:05]} 20. Kc2 {[%emt 0:00:02]} Bc5 {[%emt 0:00:02]} 21. Nf4 {[%emt 0:00:01]} Qf6 {[%emt 0:00:03]} 22. Be2 {[%emt 0:00:01]} Bf5 {[%emt 0:00:01]} 23. Rbf1 {[%emt 0:00:02]} Bxd3+ {[%emt 0:00:02]} 24. Nxd3 {[%emt 0:00:00]} Qd4 {[%emt 0:00:06]} 25. Re1 {[%emt 0:00:04]} Qxc4+ {[%emt 0:00:02]} 26. Kd2 {[%emt 0:00:01]} Qxd5 {[%emt 0:00:01]} 27. Rhf1 {[%emt 0:00:02]} Bb4+ {[%emt 0:00:01]} 28. Kc2 {[%emt 0:00:02]} Bxe1 {[%emt 0:00:00]} 29. Rxe1 {[%emt 0:00:00]} Nc6 {[%emt 0:00:04]} 30. Rd1 {[%emt 0:00:01]} Nd4+ {[%emt 0:00:01]} 31. Kc3 {[%emt 0:00:00]} Nxe2+ {[%emt 0:00:01]} 32. Kb2 {[%emt 0:00:01]} Qd4+ {[%emt 0:00:02]} 33. Kc2 {[%emt 0:00:01]} Rad8 {[%emt 0:00:00]} 34. Nb2 {[%emt 0:00:02]} Qc3+ {[%emt 0:00:00]} 35. Kb1 {[%emt 0:00:01]} Rxd1+ {[%emt 0:00:01]} 36. Nxd1 {[%emt 0:00:01]} Qc1# {[%emt 0:00:00] (Lag: Av=0.54s, max=1.0s)} 0-1